000 00421nam a22001577a 4500
005 20251103193727.0
008 251103b |||||||| |||| 00| 0 eng d
020 _a0091439507
050 _aRZ341.072 STO
100 _aStoddard, Alan
245 _aManual of Osteopathic Technique
_cAlan Stoddard
250 _a3rd ed.
260 _aLondon
_bHutchinson
_c1983
300 _a275p.
_bill.
_c24cm
942 _2lcc
_cBK
_e3rd ed.
_n0
999 _c8013
_d8013